000 00360nam a2200133Ia 4500
008 260210s9999 xx 000 0 und d
024 _a12B-130-BS
082 _a659.1072 HAS
100 _aHasan Amir
245 0 _aAdvertisement Management System
260 _aKarachi:
_bUITU,
_c2012
600 _aComputer Science
650 _aBachelor of Computer Science (BS)
999 _c32407
_d32407